000 00308nam a22001337a 4500
008 170814b xxu||||| |||| 00| 0 eng d
020 _a0867200936
041 _aeng
080 _24 ED
_a51
100 _a36
101 _aMAT
245 _aCALCULUS WITH ANALYTIC GEOMETRY
_cPROTER.P.
942 _2udc
_cBK
999 _c23428
_d23428